Totalitarismos

Kaydedildi:
Detaylı Bibliyografya
Yazar: Hermet, Guy (Yazar)
Materyal Türü: Kitap
Dil:İspanyolca
Baskı/Yayın Bilgisi: Ciudad de México Fondo de Cultura Económica 1991
Edisyon:1a. ed
Seri Bilgileri:Sección de Obras de Política y Derecho
Konular:
Etiketler: Etiketle
Etiket eklenmemiş, İlk siz ekleyin!

MARC

LEADER 00000cam a2200000 a 4500
001 UCD0035
003 CL-VaPUC
008 151112e19910000mx |||||||||||||||||spa|d
020 |a 9681634853 
082 0 4 |a 320.53  |b HER  |2 21 
100 |a Hermet, Guy  |e author  |9 583033 
245 1 0 |a Totalitarismos 
250 |a 1a. ed 
300 |a 287 p 
942 |c BK 
945 |d 20151112 20:22:00  |a arojas 
260 |a Ciudad de México  |b Fondo de Cultura Económica  |c 1991 
650 0 |a Totalitarismo  |9 255261 
650 0 |a Religión y política  |9 399284 
583 |a last modification  |c 20151112 20:22:00  |k Rodrigo Vera 
490 0 |a Sección de Obras de Política y Derecho 
999 |c 361659  |d 361657 
952 |0 0  |1 0  |3 erb  |4 0  |6 320_530000000000000_HER_1991  |7 0  |8 A  |9 472270  |a BIBHIS  |b BIBHIS  |i 5250234  |l 1  |o 320.53 HER 1991  |p 5250234  |r 2025-01-20  |s 2023-10-25  |w 2019-11-24  |y BK  |z Catalogado en:20151112  |k HIS 
952 |0 0  |1 0  |3 erb  |4 0  |6 320_530000000000000_HER_1991  |7 0  |8 A  |9 472271  |a FDOHBE  |b FDOHBE  |e Huesbe Llanos, Marco Antonio, 1934-  |i 5305381  |o 320.53 HER 1991  |p 5305381  |r 2024-01-30  |w 2019-11-24  |y BK  |z Catalogado en:20160520  |k HBE